Statistiques concernant Joueurs ayant inscrits 10 essais ou plus avec XV de France.

Cliquez ici pour prendre le quiz!

Statistiques générales

  • Ce quiz a été pris 404 fois
    (273 depuis la dernière actualisation)
  • Le résultat moyen est 18 sur 45

Statistiques - réponses

Joueurs% Correct
Alain Penaud
97%
Damian Penaud
97%
Antoine Dupont
94%
Vincent Clerc
87%
Émile Ntamack
84%
Serge Blanco
83%
Gaël Fickou
79%
Christophe Dominici
74%
Charles Ollivon
65%
Aurélien Rougerie
59%
Teddy Thomas
57%
Fabien Galthié
54%
Frédéric Michalak
52%
Maxime Médard
52%
Philippe Saint-André
52%
Yoann Huget
52%
Yannick Jauzion
49%
Philippe Sella
46%
Virimi Vakatawa
45%
Damien Traille
42%
Cédric Heymans
40%
Wesley Fofana
39%
Philippe Bernat-Salles
38%
Imanol Harinordoquy
36%
Louis Picamoles
30%
Olivier Magne
28%
Thomas Castaignède
24%
Didier Camberabero
23%
Patrice Lagisquet
21%
David Marty
20%
Jean-Luc Sadourny
19%
André Boniface
15%
Guy Boniface
15%
Claude Dourthe
14%
Jérôme Gallion
11%
Benoît Dauga
10%
Jean-Baptiste Lafond
10%
Michel Crauste
10%
Christian Darrouy
9%
Patrick Estève
9%
Jean-Pierre Lux
7%
Roland Bertranne
7%
Adolphe Jaureguy
6%
Jean-François Gourdon
6%
Jean-Vincent Dupuy
6%

Distribution des résultats

Percentile par nombre de réponses

% des personnes avec chaque résultat

Votre développement - résultats

Vous n’avez pas pris ce quiz depuis la dernière actualisation